000 01111nam2a22002531 4500
001 rc\3937286
005 20250611031136.0
021 _aRU
_b[56-65526]
035 _a(NLR Aleph) 008036239
090 _a8852526
_c8852526
100 _a20130415d1956 |||y0rusy50 ca
101 0 _arus
102 _aRU
105 _aa z |||||
200 0 _aЧ. 1
_f[Ил.: П. Алякринский]
210 _aМосква
_cГослитиздат
_d1956
215 _a527 с., 9 л. ил.
461 0 _1001rc\3937285
_12001#$aЖизнь Клима Самгина. (Сорок лет)$f[Вступ. статья Б. Бялика, с. 3-20]. Ч. 1-4$vЧ. 1
_1700#1$aГорький$bМ.$f1868-1936$gМаксим$3RU\NLR\auth\77104
_98852524
_aГорький, М. (1868-1936)
_cМосква
_d1956
_f[Вступ. статья Б. Бялика, с. 3-20]. Ч. 1-4
_nГослитиздат
_p4 т.
_tЖизнь Клима Самгина. (Сорок лет)
_vЧ. 1
702 1 _aАлякринский
_bП.
_4440
801 0 _aRU
_bNLR
_gpsbo
801 1 _aRU
_bELAR
_2rusmarc
852 _aNLR
_jЛ30 Г-3/5080
942 _cBOOK
980 _aNB